| 000 | 01089nam a22002297a 4500 | ||
|---|---|---|---|
| 999 |
_c5446 _d5446 |
||
| 003 | AR-CdUCM | ||
| 008 | 190312b ||||| |||| 00| 0 spa d | ||
| 040 |
_aMUNICIPALIDAD PROVINCIAL DEL CUSCO _cBIBLIOTECA MUNICIPAL DEL CUSCO |
||
| 082 |
_a330.98 / _bR61 |
||
| 100 |
_aRitter, Ulrich Peter _916392 |
||
| 245 | _aComunidades indígenas y cooperativismo en el Perú / | ||
| 260 |
_aBilbao : _bEds. Deusto Bilbao, _c1965. |
||
| 300 |
_a128 paginas ; _bDiagramas, _c 24 cm. |
||
| 505 | _aContenido: t.1: Análisis del cooperativismo moderno en el Perú -- Las comunidades indígenas Peruanas y el cooperativismo -- Las necesidades y posibilidades de desarrollo de las comunidades -- Las posibilidades de desarrollo económico -- El cooperativismo y la reforma agraria las experiencias de vicos... | ||
| 650 |
_aComunidades andinas _912376 |
||
| 650 |
_aComunidades indigenas _93290 |
||
| 650 |
_aDesarrollo económico _91696 |
||
| 650 |
_aOrganización y cooperativas _916393 |
||
| 710 |
_aIbero-Amerika Institut für Wirtschaftsforschung, _916394 |
||
| 942 |
_2ddc _cLIBROS |
||
| 945 | _awnts | ||